00945nam a2200217 a 450000500170000000800410001702000180005805000270007610000250010324500760012825000220020426000510022630000210027744000350029850000640033365000320039765000410042999900190047095201190048995201190060820140412111354.0051104s19uu xx 00 eng d a0-02-830904-9 aTR(GS 372.4bB35 L.1-B aAdams, Marilyn Jager aSRA Open Court Reading (orange), L.1-B.B /cMarilyn Jager Adams, et al. aTeacher's Edition aColumbus, Ohio :bSRA McGraw-Hill Comp,c2000. axii p. ; T409 p. aSRA open court reading, Orange aContents: Our neighborhood at work--Machines in our garden. aReadingxStudy and teaching aEnglish languagexStudy and teaching c105380d105380 00104050aELbELcTRd2005-11-04eDonationl0oTR(GS 372.4 B35 L.1-BpE9956r2014-04-12 00:00:00w2014-04-12yBK 00104050aELbELcTRd2005-11-04eDonationl0oTR(GS 372.4 B35 L.1-BpE9957r2014-04-12 00:00:00w2014-04-12yBK